00409nam a22001457a 450000500170000000800410001702000150005804100130007308200150008610000240010124500260012526000560015130000310020765000250023820231115064322.0231115b |||||||| |||| 00| 0 eng d a0409013420 aEnglish  a344.5 BUR  aBurns, Y lEnglish  aMedia Law /cY Burns  aDurban : bButterworth Publishers (Pty) Ltd, c1990 bxix, 420 pages ; c25 cm.  aLegal practice bLaw